000 01368nam a22002777a 4500
005 20170124103127.0
010 _aA-971637
020 _c180.00
035 _aA-971637
037 _bCen Lib/Ret
040 _aDPL
_bHN
082 _a305.562
_bमेघवा
100 _aमेघवाल, बी. एल
_983325
245 _aभारत-रत्न डॉ० बी. आर. अम्बेडकर :
_cबी. एल मेघवाल [और] आर. ए. एस
_bसामाजिक-आर्थिक स्वतंत्रता संग्राम के महानायक /
246 _aBharat-ratan dr. Ambedkar : samajik-arthik swatantra sangram ke mahanayak /
_bby B. L. Meghwal [aur] R. A. S
260 _aजयपुर
_bसंधी प्रकाशन
_c1998
270 _aसी-177, महावीर मार्ग
_bजयपुर
_e302017
300 _a166पृ.
_c21सेमी(सजिल्द)
500 _aअनुक्रमणिका शामिल
650 _aराजनीति विज्ञान
_983326
650 _aडॉ० बी. आर. अम्बेडकर का युग
_983327
650 _aPolitical science
_983328
650 _aDr. B. R. Ambedkar's era
_983329
700 _aR. A. S
_983330
942 _2ddc
_cHN
_h305.562
_mमेघवा
999 _c119096
_d119096